000
00513nam a2200157Ia 4500
008
100204s9999 xx 000 0 und d
082
_b
4477
100
_a
रजनीश
245
_a
प्रेमाचे पंख
260
_b
"जीवन जागृती केंद्र्र प्रकाशन, पुणे"
300
_a
34
630
_a
प्रेमाचे पंख
700
_a
पै शिरिष
730
_a
प्रेमाचे पंख
942
_c
BOOK
999
_c
449221
_d
449218